000 00572nam a2200217Ia 4500
003 OSt
005 20220923230925.0
006 a|||||r|||| 00| 0
007 ta
008 Pun
024 _a306,497
037 _cTextual
040 _aARTS
_cARTS
_bPun
041 _2Pun
_aPun
082 _aO154,3NPT,2, 153L1
100 _aਪਟੇਲ, ਪੰਨਾ ਲਾਲ
_9157452
245 0 _aਜੀਵਨ
_b ਇਕ ਨਾਟਕ
260 _c1971
942 _hO154,3NPT,2, 153L1
_cTEXL
_2CC
999 _c388277
_d388277